000 00773nam a2200217Ia 4500
005 20241129105921.0
008 241129s9999||||xx |||||||||||||| ||und||
020 _a9789-93-82554-57-8
037 _aTB
040 _aARTS
_bhin
_cARTS
041 _ahin
_2hin
084 _aQ8441'M57<-N59 152R0
_qARTS
100 _aकुलदीप सिंह, ले.
245 0 _aनामधारी सम्प्रदाय: उद्भव और विकास
_cकुलदीप सिंह, ले.
260 _aदिल्ली, भारत
_bअद्वैत प्रकाशन
_c2022
300 _a200पृ0
365 _aINR
_b450
650 _aSikkhism
_9726471
942 _cTB
_hQ8441'M57<-N59 152R0
999 _c1226571
_d1226571